| 000 | 00532nam a2200145 4500 | ||
|---|---|---|---|
| 001 | 3787 | ||
| 005 | 20181127171958.0 | ||
| 090 | 0 | 0 | _a616.994 R8884c |
| 245 | 0 | 0 |
_aCervical cancer screening manual : _bReproductive health programme / _cDepartment of Public Health, Ministry of Health. _h |
| 260 | 0 | 0 |
_a[Thimphu] : _bDepartment of Public Health, Ministry of Health, _cn.d. |
| 300 | 0 | 0 | _a74 p. : col. ill. ; 22 cm. |
| 500 | 0 | 0 | _a |
| 650 |
_aCervix neoplasms --Prevention & control. _v _x _y _z _2 |
||
| 650 | 0 | 0 |
_aCervix uteri --Cancer --Diagnosis. _x |
| 999 |
_c3098 _d3098 |
||